ZWIERZĘTA na literę I - Statystyki

Ogólne statystyki
  • Ten quiz został rozwiązany 153 razy
  • Średni wynik to 3 z 7
Statystyki odpowiedzi
Obrazkowy Odpowiedź % Poprawnych
Indyk zwyczajny
98%
Irbis śnieżny
53%
Impala zwyczajna
47%
Ibis szkarłatny
42%
Inia amazońska
34%
Iglicznia wielka
19%
Indris krótkoogonowy
13%
Nie znaleziono quizów pasujących do podanych kryteriów
Rozkład punktacji
Procent ludzi z każdym wynikiem
Percentyl według liczby udzielonych odpowiedzi
Twoja historia wyników
Nie rozwiązałeś tego quizu